[Event "IND-ch (Women) 48th"]
[Site "Hatkanangale"]
[Date "2023.01.03"]
[Round "9"]
[White "Anagha, Yardi"]
[Black "Manickammal, D."]
[Result "1/2-1/2"]
[WhiteElo "1136"]
[BlackElo "1236"]
[PlyCount "71"]
[EventDate "2022.12.26"]
[EventType "swiss"]
[EventRounds "11"]
[EventCountry "IND"]
[SourceTitle "CBM 212 Extra"]
[Source "ChessBase"]
[SourceDate "2023.03.31"]
[SourceVersion "1"]
[SourceVersionDate "2023.03.31"]
[SourceQuality "1"]

1. d4 d5 2. Nf3 Nf6 3. h3 e6 4. Bg5 Nbd7 5. e3 c5 6. Bd3 Qb6 7. Qc1 h6 8. Bf4 Bd6 9. Bxd6 Qxd6 10. 0-0 0-0 11. c3 b6 12. Nbd2 Bb7 13. Re1 cxd4 14. cxd4 Ne4 15. Qb1 Ndf6 16. Bc2 Nxd2 17. Nxd2 Rfe8 18. Nf3 Ne4 19. a3 Rac8 20. Qd1 a5 21. Nd2 Nxd2 22. Qxd2 e5 23. Qd3 e4 24. Qd2 Rc7 25. Rec1 Rec8 26. Bd1 Rxc1 27. Rxc1 Rxc1 28. Qxc1 Qc6 29. Qc2 Qxc2 30. Bxc2 f5 31. Ba4 Kf7 32. Bd7 Kf6 33. Bb5 Bc8 34. Kh2 g5 35. Kg3 Ke7 36. f4 1/2-1/2